Bibliografia per aprendre català
Descripción Física:
18 p. ; 24 cm
Materias:
Català -- Ensenyament -- Bibliografia
MARC
| LEADER | 00000nam a2200000Ia 4500 | ||
|---|---|---|---|
| 001 | 11917 | ||
| 008 | 160829s1997 xx 000 0 cat d | ||
| 080 | |a FU-13-55 | ||
| 245 | |a Bibliografia per aprendre català | ||
| 250 | |a 5a ed. | ||
| 260 | |a Barcelona : |b Generalitat de Catalunya. Departament de Cultura, |c 1997 | ||
| 300 | |a 18 p. ; |c 24 cm | ||
| 650 | |a Català |x Ensenyament |x Bibliografia |9 37658 | ||
| 710 | 2 | |a Catalunya. |b Departament de Cultura |9 52819 | |
| 901 | |a Arxiu | ||
| 942 | |n 1 | ||
| 952 | |0 0 |1 0 |4 0 |6 FU1355 |7 1 |9 47979 |a Arxiu |b Arxiu |d 2016-12-01 |l 0 |o FU-13-55 |p 11917 |r 2016-12-01 00:00:00 |w 2016-12-01 |y ARXIU | ||
| 999 | |c 51780 |d 51780 | ||